Evaluation of autonomic function and psychological profile in patients of chronic low back pain following electroacupuncture therapy (Record no. 877133)

MARC details
000 -LEADER
fixed length control field 01142nam a2200289Ia 4500
003 - CONTROL NUMBER IDENTIFIER
control field OSt
005 - DATE AND TIME OF LATEST TRANSACTION
control field 20220930084401.0
008 - FIXED-LENGTH DATA ELEMENTS--GENERAL INFORMATION
fixed length control field 220926b |||||||| |||| 00| 0 eng d
037 ## - SOURCE OF ACQUISITION
Terms of availability Theses
040 ## - CATALOGING SOURCE
Original cataloging agency CRL
Transcribing agency CRL
Language of cataloging eng
041 ## - LANGUAGE CODE
Source of code eng
Language code of text/sound track or separate title eng
100 ## - MAIN ENTRY--PERSONAL NAME
Personal name Thakur Manisha
9 (RLIN) 537558
110 ## - MAIN ENTRY--CORPORATE NAME
Corporate name or jurisdiction name as entry element University of Delhi. Faculty of Medical Sciences. Department of Medical Physiology
9 (RLIN) 533997
245 #0 - TITLE STATEMENT
Title Evaluation of autonomic function and psychological profile in patients of chronic low back pain following electroacupuncture therapy
Remainder of title A prospective randomized control trial
260 ## - PUBLICATION, DISTRIBUTION, ETC.
Date of publication, distribution, etc. 2005
650 ## - SUBJECT ADDED ENTRY--TOPICAL TERM
Topical term or geographic name entry element PHYSIOLOGY
700 ## - ADDED ENTRY--PERSONAL NAME
Personal name Dr. A. K. Saxena Gu.
9 (RLIN) 537559
700 ## - ADDED ENTRY--PERSONAL NAME
Personal name Dr. Nilima Shankar Gu.
9 (RLIN) 535962
700 ## - ADDED ENTRY--PERSONAL NAME
Personal name Dr. O. P. Tandon Gu.
9 (RLIN) 532802
700 ## - ADDED ENTRY--PERSONAL NAME
Personal name Dr. Shobha Arora Gu.
9 (RLIN) 537560
700 ## - ADDED ENTRY--PERSONAL NAME
Personal name University of Delhi. Faculty of Medical Sciences. Department of Medical Physiology
9 (RLIN) 533998
942 ## - ADDED ENTRY ELEMENTS (KOHA)
Koha item type Dissertations
Source of classification or shelving scheme Colon Classification (CC)

No items available.

Copyright @ Delhi University Library System